000
00261nam a2200109Ia 4500
008
190802s9999 xx 000 0 und d
100
_a
Robert F.Meigs
245
0
_a
Student Manual Accounting
260
_a
India
_b
Pearson
_c
2013
300
_a
310:p
942
_c
BK
999
_c
2181
_d
2181